000 00717nam a2200205 i 4500
001 129206
003 ES-MaACL
005 20250909195934.0
007 t|
008 070608s1978 sp ||||1| spa d
080 _a840-31"17"
245 0 0 _aTeresa filósofa /
_cObra de autor anónimo, puesta ahora en castellano por Joaquín López Barbadillo y por Miguel Romero Martínez.
260 _a[Madrid] :
_bAkal,
_c[1978]
300 _a141 p. :
_bil. ;
_c20 cm.
500 _aEdición facsímil de la de Joaquín López Barbadillo.
700 1 _aLópez Barbadillo, Joaquín.
_973441
700 1 _aRomero Martínez, Miguel,
_d1888-1957
_999411
852 _aES-MaACL
_jA-10400
_bR.99023
999 _c129206
_d129206